Revista de Indias : órgano del Instituto Gonzalo Fernández de Oviedo : abril-junio de 1961 /
En esta publicación se ofrecen estudios, documentos, informaciones científicas, reseñas de libros y revistas, además de bibliografía sobre la historia de América.
Enregistré dans:
| Autres auteurs: | |
|---|---|
| Format: | Livre |
| Langue: | espagnol |
| Sujets: | |
| Tags: |
Pas de tags, Soyez le premier à ajouter un tag!
|
MARC
| LEADER | 00000nam^a2200000^a^4500 | ||
|---|---|---|---|
| 001 | 000115602 | ||
| 005 | 20250521000000.0 | ||
| 009 | 20260310094100.575 | ||
| 037 | |a Acervo ITESO - Biblioteca | ||
| 041 | |a ESP | ||
| 082 | |a 980. 005 |b IND V. 84 | ||
| 240 | 1 | 1 | |a [Revista de Indias] |
| 245 | 1 | 0 | |a Revista de Indias : |b órgano del Instituto Gonzalo Fernández de Oviedo : abril-junio de 1961 / |c Dir. de C. Pérez Bustamante. |
| 264 | |a Madrid, España : |b Instituto Gonzalo Fernández de Oviedo, |c 1961 | ||
| 300 | |a p. 225-371 | ||
| 336 | |a texto |b txt |2 rdacontenido | ||
| 337 | |a sin mediación |b n |2 rdamedio | ||
| 338 | |a volumen |b nc |2 rdasoporte | ||
| 520 | |a En esta publicación se ofrecen estudios, documentos, informaciones científicas, reseñas de libros y revistas, además de bibliografía sobre la historia de América. | ||
| 649 | |a XX | ||
| 650 | |a América - |x Historia - |x Publicaciones Periódicas | ||
| 650 | |a Aztecas | ||
| 650 | |a Indígenas de México - |x Condiciones Sociales y Culturales | ||
| 650 | |a Educación - |z México - |x Historia - |y Epoca Prehispánica | ||
| 650 | |a Comercio Internacional - |z América - |x Historia - |y Siglo XVIII | ||
| 650 | |a Latinoamérica - |x Historia | ||
| 650 | |a Viajes y Travesías - |z EUA - |x Historia - |y Siglo XVIII | ||
| 650 | |a Descubrimientos Geográficos - |z EUA - |x Historia - |y Siglo XVIII | ||
| 650 | |a Escultura Mexicana | ||
| 650 | |a Arte Prehispánico | ||
| 650 | |a Arte Mexicano - |x Historia y Crítica | ||
| 700 | |a Pérez Bustamante, Ciriaco |e (dirección) | ||
| 910 | |a Fondo Salvador Reynoso Reynoso | ||
| 920 | |a Impresos - Libros | ||
| 930 | |a Fondos Especiales | ||
| 905 | |a 112 | ||
| 901 | |a 0800002948 |b IT2 |c ESP |u 20250521 | ||
| 901 | |a 0800003225 |b IT2 |c ESP |u 20250521 | ||
| 902 | |a https://opac.biblio.iteso.mx/vufind/Record/000115602 | ||